000 00306nam a22001337a 4500
008 171101b xxu||||| |||| 00| 0 eng d
020 _a9780558267339
041 _aeng
080 _a33
100 _a59
101 _aBUS
245 _aPEARSON CUSTOM BUSINESS RESOURCES
_cOLIVER.J.M
942 _2udc
_cBK
999 _c36977
_d36977